00545nam a22001697a 4500999001900000005001700019010001500036020001800051035001400069037000900083082001400092245007000106260003900176270009100215300004100306942002800347 c186892d18689220220322141900.0 aENG-132069 a9789391657017 aEN-115601 bDBAD a332.10954 aWoman Development Through Micro financing/c Sanjay Kumar Dhiman, aNew DelhibAryan Publicationc2021 a110,gali No-4, Harphool Vihar ,BapraulabNew Delhie110043maryanpublication@gmail.com axxiv,216pbIndex,Contentsc22cm(hbk) 2ddccENh332.10954mDHI